Bratislavský hrad a jeho potenciál pre tvorbu kreatívnej ponuky v cestovnom ruchu

Kreativita, kreatívny cestovný ruch a múzeá v 21. storočí. Bratislavský hrad ako objekt záujmu návštevníkov cestovného ruchu. Prieskum návštevnosti Bratislavského hradu a Historického múzea SNM.

Enregistré dans:
Détails bibliographiques
Auteur principal: Palenčíková, Zuzana
Autres auteurs: Machničová, Zina
Format: Chapitre de livre
Langue:slovaque
Sujets:
Tags: Ajouter un tag
Pas de tags, Soyez le premier à ajouter un tag!

MARC

LEADER 00000naa a2200000 4500
001 0253607
005 20240411132124.7
041 0 |a slo 
044 |a SK 
245 1 0 |a Bratislavský hrad a jeho potenciál pre tvorbu kreatívnej ponuky v cestovnom ruchu  |c Zuzana Palenčíková, Zina Machničová 
520 |a Kreativita, kreatívny cestovný ruch a múzeá v 21. storočí. Bratislavský hrad ako objekt záujmu návštevníkov cestovného ruchu. Prieskum návštevnosti Bratislavského hradu a Historického múzea SNM. 
610 2 0 |a Slovensko 
610 2 0 |a múzeá 
610 2 0 |a kreativita 
610 2 0 |a stratégia marketingová 
610 2 0 |a ruch cestovný kreatívny 
610 2 0 |a turistika 
100 1 |a Palenčíková, Zuzana 
700 1 |a Machničová, Zina